| 000 | 01740nam0a22003011 4500 | ||
|---|---|---|---|
| 001 | RU\NLR\A1\29474 | ||
| 005 | 20260409064846.0 | ||
| 035 | _a(NLR Aleph) 009682010 | ||
| 090 |
_a9705629 _c9705629 |
||
| 100 | _a20011101d1769 u y0rusy50 ca | ||
| 101 | 0 | _arus | |
| 102 | _aRU | ||
| 200 | 1 | _aНаставление от предводителя Второй армии войску ему порученному, каким образом поступать по расположении на зимния квартиры, к заграждению границ в предохранение ему вверенных, при случае неприятельскаго приближения и нападения на учрежденныя кордоны, как форпостам так линиею, а позадь оной и из войск расположенными, сочиненное им в Польше в лагере при деревне Покатилове 1769 года октября 24 дня | |
| 210 |
_a[СПб. _cТип. Сухопут. кадет. корпуса _d1769] |
||
| 215 |
_a[5] с. _d2° |
||
| 303 | _aБез тит. л. | ||
| 316 |
_aЭкз. РГБ с автогр. авт. _5NLR |
||
| 321 | 1 | _aСК XVIII 5120 | |
| 620 | _dСанкт-Петербург | ||
| 700 | 1 |
_4070 _8rus _7ca _aПанин _bП. И. _cграф _f1721-1789 _gПетр Иванович _3RU\NLR\AUTH\7798083 _981009 |
|
| 712 | 0 | 2 |
_4610 _aСухопутный шляхетный кадетский корпус _cПетербург _bТипография _3RU\NLR\AUTH\880627501 _92659869 |
| 801 | 0 |
_aRU _bNLR _c20011101 |
|
| 899 | _aРГБ | ||
| 899 | _aРГБ | ||
| 942 | _cBOOK | ||
| 980 | _aNB | ||
| 980 | _aA1XVIIIv | ||